The mysterious case of the disappearing rent review (Record no. 84655)

MARC details
000 -LEADER
fixed length control field 01000cab a22002055a 4500
001 - CONTROL NUMBER
control field L158676
008 - FIXED-LENGTH DATA ELEMENTS--GENERAL INFORMATION
fixed length control field 150609e20150516xxk 000 0 eng d
035 ## - SYSTEM CONTROL NUMBER
System control number (Sirsi) u158676
041 0# - LANGUAGE CODE
Language code of text/sound track or separate title eng
100 1# - MAIN ENTRY--PERSONAL NAME
Personal name Rickard, Jennifer
245 04 - TITLE STATEMENT
Title The mysterious case of the disappearing rent review
260 ## - PUBLICATION, DISTRIBUTION, ETC.
Date of publication, distribution, etc. 2015
490 ## - SERIES STATEMENT
Series statement Estates Gazette
Volume/sequential designation (1519) 16 May 2015, 126-127(2)
520 ## - SUMMARY, ETC.
Summary, etc. Issues raised by the possible return of the rent review market for the first time since the 2008 economic downturn. This revival does pose some problems for property professional as; the number of qualified arbitrators has not expanded with many surveyors not having had exposure to rent reviews. Also there are problems with comparables as the quiet property market has led to an lack of open-market transactions that could be used as direct comparables for certain types of properties.
590 ## - LOCAL NOTE (RLIN)
Local note KA
651 #4 - SUBJECT ADDED ENTRY--GEOGRAPHIC NAME
Geographic name United Kingdom
690 ## - LOCAL SUBJECT ADDED ENTRY--TOPICAL TERM (OCLC, RLIN)
Topical term or geographic name as entry element Valuation
9 (RLIN) 6273
700 1# - ADDED ENTRY--PERSONAL NAME
Personal name Moore, Sarah
942 ## - ADDED ENTRY ELEMENTS (KOHA)
Suppress in OPAC 0
Holdings
Withdrawn status Lost status Source of classification or shelving scheme Damaged status Not for loan Home library Current library Shelving location Date acquired Total Checkouts Full call number Barcode Date last seen Copy number Price effective from Koha item type
    Dewey Decimal Classification     London London Journal article 09/06/2015   L158676 158676-1001 06/08/2019 1 06/08/2019 Journal article